| 000 | 00441nam a2200169Ia 4500 | ||
|---|---|---|---|
| 008 | 220204s9999 xx 000 0 und d | ||
| 082 |
_a630*79(540) _bPEA |
||
| 100 | _aPEARSON, R S | ||
| 245 | 0 | _aCommercial guide to the forest economic products of India | |
| 260 |
_aDelhi _bPeriodical Experts Book Co _c1980 |
||
| 650 | _aDyes | ||
| 650 | _aForest products | ||
| 650 | _aOil seeds | ||
| 650 | _aResin | ||
| 650 | _aTans | ||
| 942 | _cBK | ||
| 999 |
_c40059 _d40059 |
||